| 000 | 00575nam a2200181Ia 4500 | ||
|---|---|---|---|
| 008 | 100917s9999 xx 000 0 und d | ||
| 082 | _b10928 | ||
| 100 | _aश्रोत्रयि वि. कृ. | ||
| 245 | _aविलक्षण गोष्टी | ||
| 260 |
_bश्रोत्रयि प्रकाशन _c1968 |
||
| 300 | _a92 | ||
| 365 | _b2 | ||
| 520 | _aबालविभाग | ||
| 630 | _aविलक्षण गोष्टी | ||
| 650 | _aबालविभाग | ||
| 730 | _aविलक्षण गोष्टी | ||
| 942 | _cBOOK | ||
| 999 |
_c616322 _d616319 |
||